| 000 | 00353nam a22001457a 4500 | ||
|---|---|---|---|
| 020 | _a9789698535155 | ||
| 082 | _a297.577 AHM | ||
| 100 | _aAhmed Al Asaal | ||
| 245 | _aIslam ka Khandani Nizam (Urdu) | ||
| 260 |
_aIslamabad _bNUST Publishing _c2015 |
||
| 300 | _axvii, 452 p. | ||
| 500 | _aIncludes index | ||
| 650 | _a1. Islam and Family | ||
| 942 | _cBK | ||
| 999 |
_c13579 _d13579 |
||